Children in pain : (Record no. 7088)

MARC details
000 -LEADER
fixed length control field 00730nam a22001937a 4500
003 - CONTROL NUMBER IDENTIFIER
control field OSt
005 - DATE AND TIME OF LATEST TRANSACTION
control field 20251215074929.0
008 - FIXED-LENGTH DATA ELEMENTS--GENERAL INFORMATION
fixed length control field 251215b |||||||| |||| 00| 0 eng d
020 ## - INTERNATIONAL STANDARD BOOK NUMBER
International Standard Book Number 971-92567-0-2.
040 ## - CATALOGING SOURCE
Original cataloging agency DWCL-Main lib
Transcribing agency OC
082 ## - DEWEY DECIMAL CLASSIFICATION NUMBER
Classification number Fil. 362.76 C536 2002
100 ## - MAIN ENTRY--PERSONAL NAME
Personal name Arellano-Carandang, Ma. Lourdes
245 ## - TITLE STATEMENT
Title Children in pain :
Remainder of title studies on children who are abused, and living in poverty, prison and prostitution
Statement of responsibility, etc. Arellano-Carandang, Ma. Lourdes
260 ## - PUBLICATION, DISTRIBUTION, ETC.
Place of publication, distribution, etc. Quezon City :
Name of publisher, distributor, etc. Psychological Association of the Philippines,
Date of publication, distribution, etc. c2002.
300 ## - PHYSICAL DESCRIPTION
Extent 178 pages ;
Dimensions 23 cm.
650 ## - SUBJECT ADDED ENTRY--TOPICAL TERM
Source of heading or term 1. Child abuse-Philippines-Research.
651 ## - SUBJECT ADDED ENTRY--GEOGRAPHIC NAME
Source of heading or term 2. Children-Philippines-Social conditions.
942 ## - ADDED ENTRY ELEMENTS (KOHA)
Source of classification or shelving scheme Dewey Decimal Classification
Koha item type Book-Filipiniana
Call number prefix Fil.
Suppress in OPAC No
952 ## - LOCATION AND ITEM INFORMATION (KOHA)
--
Holdings
Withdrawn status Lost status Source of classification or shelving scheme Damaged status Not for loan Home library Current library Shelving location Date acquired Source of acquisition Cost, normal purchase price Total Checkouts Full call number Barcode Date last seen Copy number Price effective from Koha item type Uniform Resource Identifier
    Dewey Decimal Classification     College Library College Library Filipiniana 01/08/2008 School Fund 0.00   Fil. 362.76 C536 2002 CL 45552 12/15/2025 c2 12/15/2025 BK - FIL